000 00345 a2200145 4500
001 168424
020 _a
040 _cMagnum
100 _aMoreira, Sergio Bastos
240 1 0 _aInformatica, ciencia e atividade fisica
_lpor
245 1 0 _aInformatica, ciencia e atividade fisica
362 0 _a1899
697 _aEDUCACAO FISICA
942 _cBK
999 _c168424
_d168424